000 00864naa a2200241 4500
005 20090513123010.0
008 090513t xxu||||| |||| 00| 0 eng d
010 _aENG-93498
020 _a8176485306
_c495.00
020 _a9788176485302
_c495.00
035 _aEN-77031
037 _bDBAD / PUB
040 _adpl
_bEnglish
082 _a363.7
100 _aTrivedi, P.R.
245 _aEnvironmental impact assessment /
_cby P.R. Trivedi
260 _aNew Delhi
_bA.P.H. Publishing
_c2009
270 _a4435-36/7, Ansari Road, Darya Ganj
_bNew Delhi
_e110002
300 _av, 168p.
_c23cm(Hb)
500 _aIncludes index
942 _adpl
_cEN
_2ddc
_mTRI
_h363.7
999 _c26313
_d26313